[Event "DVM U12 2018"]
[Site "Magdeburg GER"]
[Date "2018.12.28"]
[Round "3"]
[White "Römer, Uri"]
[Black "Zobel, Christian"]
[Result "1-0"]
[Termination "normal"]
[Board "4.4"]
[WhiteElo "1098"]
[BlackElo "1364"]
[WhiteClock "00:34:44"]
[BlackClock "00:24:43"]
[WhiteTeam "SF Brackel"]
[BlackTeam "SC Borussia Lichtenberg"]
[PlyCount "111"]
[WhiteFideId "16275039"]
[BlackFideId "16259068"]
[EventCountry "GER"]
[EventRounds "7"]
[EventType "team-swiss"]
[EventDate "2018.12.26"]

1. e4 {[%clk 1:30:55]} b6 {[%clk 1:31:12]} 2. Nc3 {[%clk 1:31:15]} Bb7 {[%clk
1:31:31]} 3. Nf3 {[%clk 1:31:36]} e6 {[%clk 1:31:44]} 4. Bc4 {[%clk 1:29:38]}
d5 {[%clk 1:31:16]} 5. exd5 {[%clk 1:29:56]} exd5 {[%clk 1:31:02]} 6. Bb3 Nf6
{[%clk 1:31:02]} 7. d3 {[%clk 1:29:56]} Bb4 {[%clk 1:24:57]} 8. Bd2 {[%clk
1:29:58]} O-O {[%clk 1:21:18]} 9. O-O {[%clk 1:30:08]} Nbd7 {[%clk 1:15:54]}
10. a3 {[%clk 1:28:09]} Bxc3 {[%clk 1:12:35]} 11. Bxc3 {[%clk 1:27:24]} c5
{[%clk 1:10:13]} 12. Bd2 {[%clk 1:24:51]} Qc7 {[%clk 1:10:13]} 13. h3 {[%clk
1:24:51]} d4 {[%clk 1:10:13]} 14. Re1 {[%clk 1:24:51]} Qc6 {[%clk 1:10:13]} 15.
c3 {[%clk 1:24:51]} dxc3 {[%clk 1:10:13]} 16. Bxc3 {[%clk 1:24:51]} Rfe8 {[%clk
1:10:13]} 17. Qd2 {[%clk 1:24:51]} Nd5 {[%clk 1:10:13]} 18. Rxe8+ {[%clk
1:24:51]} Rxe8 {[%clk 1:10:13]} 19. Re1 {[%clk 1:24:51]} Rxe1+ {[%clk 1:10:13]}
20. Qxe1 {[%clk 1:24:51]} N7f6 {[%clk 1:10:13]} 21. Qe5 {[%clk 1:24:51]} Nxc3
{[%clk 1:10:13]} 22. bxc3 {[%clk 1:24:51]} Qe8 {[%clk 1:10:13]} 23. Qxe8+
{[%clk 1:24:51]} Nxe8 {[%clk 1:10:13]} 24. Ne5 {[%clk 1:24:51]} Nd6 {[%clk
1:10:13]} 25. a4 {[%clk 1:24:51]} Kf8 {[%clk 1:10:13]} 26. Kf1 {[%clk 1:24:51]}
f6 {[%clk 1:10:13]} 27. Nc4 {[%clk 1:24:51]} Bd5 {[%clk 1:10:13]} 28. g3 {[%clk
1:24:51]} Nxc4 {[%clk 1:10:13]} 29. Bxc4 {[%clk 1:24:51]} Bxc4 {[%clk 1:10:13]}
30. dxc4 {[%clk 1:24:51]} Ke7 {[%clk 1:10:13]} 31. Ke2 {[%clk 1:24:51]} Ke6
{[%clk 1:10:13]} 32. Ke3 {[%clk 1:24:51]} h6 {[%clk 1:10:13]} 33. f3 {[%clk
1:24:51]} g6 {[%clk 1:10:13]} 34. Ke4 {[%clk 1:24:51]} a6 {[%clk 1:10:13]} 35.
Kf4 {[%clk 1:24:51]} h5 {[%clk 1:10:13]} 36. h4 {[%clk 1:24:51]} Kd6 {[%clk
1:10:13]} 37. Ke4 {[%clk 1:24:51]} Kc6 {[%clk 1:10:13]} 38. g4 {[%clk 1:24:51]}
b5 {[%clk 1:10:13]} 39. cxb5+ {[%clk 1:24:51]} axb5 {[%clk 1:10:13]} 40. axb5+
{[%clk 1:24:51]} Kxb5 {[%clk 1:10:13]} 41. gxh5 {[%clk 1:24:51]} gxh5 {[%clk
1:10:13]} 42. Kd5 {[%clk 1:24:51]} f5 {[%clk 1:10:13]} 43. f4 {[%clk 1:24:51]}
Kb6 {[%clk 1:10:13]} 44. c4 {[%clk 1:24:51]} Kc7 {[%clk 1:10:13]} 45. Kxc5
{[%clk 1:24:51]} Kd7 {[%clk 1:10:13]} 46. Kb6 {[%clk 1:24:51]} Kc8 {[%clk
1:10:13]} 47. Kc6 {[%clk 1:24:51]} Kb8 {[%clk 1:10:13]} 48. Kd7 {[%clk
1:24:51]} Kb7 {[%clk 1:10:13]} 49. c5 {[%clk 1:24:51]} Ka6 {[%clk 1:10:13]} 50.
c6 {[%clk 1:24:51]} Ka5 {[%clk 1:10:13]} 51. c7 {[%clk 1:24:51]} Ka4 {[%clk
1:10:13]} 52. c8=Q {[%clk 1:24:51]} Kb5 {[%clk 1:10:13]} 53. Kd6 {[%clk
0:34:29]} Kb6 {[%clk 0:24:01]} 54. Qb8+ {[%clk 0:34:40]} Ka6 {[%clk 0:24:21]}
55. Kc6 {[%clk 0:34:44]} Ka5 {[%clk 0:24:43]} 56. Qb5# 1-0

[Event "DVM U12 2018"]
[Site "Magdeburg GER"]
[Date "2018.12.28"]
[Round "3"]
[White "Bolz, Jannis"]
[Black "Lenz, Joshua"]
[Result "1-0"]
[Termination "normal"]
[Board "5.1"]
[WhiteElo "1447"]
[BlackElo "1580"]
[WhiteTeam "DJK Aufwärts St. Josef Aachen"]
[BlackTeam "SV Turm Lahnstein"]
[PlyCount "75"]
[WhiteFideId "16214897"]
[BlackFideId "16256956"]
[EventCountry "GER"]
[EventRounds "7"]
[EventType "team-swiss"]
[EventDate "2018.12.26"]

1. e4 e6 2. d3 d5 3. Nd2 dxe4 4. dxe4 Nd7 5. Ngf3 Ngf6 6. Nc4 Be7 7. e5 Nd5 8.
Bd3 Nc5 9. O-O O-O 10. Be2 b6 11. c3 Bb7 12. Qc2 f5 13. Nd4 Bg5 14. b4 Ne4 15.
Nxe6 Qe7 16. Nxf8 Rxf8 17. Ne3 Ndxc3 18. Bc4+ Kh8 19. f3 Qxb4 20. fxe4 Bxe3+
21. Bxe3 Qxc4 22. Rac1 Ne2+ 23. Kh1 Qxc2 24. Rxc2 Ba6 25. Rf2 f4 26. e6 h6 27.
e7 Re8 28. Rxc7 fxe3 29. Rf8+ Kh7 30. Rxe8 Nd4 31. Rh8+ Kxh8 32. e8=Q+ Kh7 33.
Qf7 Ne6 34. Qf5+ Kg8 35. Qxe6+ Kh7 36. Qf5+ Kg8 37. Qf7+ Kh8 38. Qxg7# 1-0

[Event "DVM U12 2018"]
[Site "Magdeburg GER"]
[Date "2018.12.28"]
[Round "3"]
[White "Meuer, David"]
[Black "Baltic, Sara"]
[Result "1/2-1/2"]
[Termination "normal"]
[Board "5.2"]
[WhiteElo "1618"]
[BlackElo "1529"]
[WhiteTeam "SV Turm Lahnstein"]
[BlackTeam "DJK Aufwärts St. Josef Aachen"]
[PlyCount "82"]
[WhiteFideId "16262964"]
[BlackFideId "16210409"]
[EventCountry "GER"]
[EventRounds "7"]
[EventType "team-swiss"]
[EventDate "2018.12.26"]

1. d4 d5 2. Nf3 Nf6 3. e3 e6 4. Bd3 c6 5. b3 Nbd7 6. Bb2 Be7 7. O-O O-O 8. Nbd2
Qc7 9. c4 b6 10. Rc1 Qd8 11. h3 Bb7 12. cxd5 cxd5 13. Qe2 Bd6 14. Rc2 Rc8 15.
Rfc1 Rxc2 16. Rxc2 Qe7 17. Ba6 Bxa6 18. Qxa6 Nb8 19. Qd3 Qb7 20. a4 Nc6 21. Qe2
Nb4 22. Rc1 Rc8 23. Qd1 Rxc1 24. Qxc1 Nd3 25. Qb1 Nxb2 26. Qxb2 Qc7 27. Nb1 Ne4
28. Nfd2 Nxd2 29. Qxd2 Qc6 30. Qc3 Qxc3 31. Nxc3 Kf8 32. Kf1 Ke7 33. Ke2 Kd7
34. Nb5 a6 35. Nxd6 Kxd6 36. b4 b5 37. axb5 axb5 38. f4 h5 39. Kf3 f5 40. h4 g6
41. g3 Ke7 1/2-1/2

[Event "DVM U12 2018"]
[Site "Magdeburg GER"]
[Date "2018.12.28"]
[Round "3"]
[White "Aravindan, Midhulan"]
[Black "Werling, Lasse"]
[Result "0-1"]
[Termination "normal"]
[Board "5.3"]
[WhiteElo "1511"]
[BlackElo "1180"]
[WhiteTeam "DJK Aufwärts St. Josef Aachen"]
[BlackTeam "SV Turm Lahnstein"]
[PlyCount "80"]
[WhiteFideId "16237250"]
[BlackFideId "16275080"]
[EventCountry "GER"]
[EventRounds "7"]
[EventType "team-swiss"]
[EventDate "2018.12.26"]

1. e4 e6 2. d4 d5 3. exd5 exd5 4. Nf3 Nc6 5. c3 Nge7 6. Bd3 Bf5 7. O-O Bxd3 8.
Qxd3 g6 9. Re1 Bg7 10. Bf4 O-O 11. Nbd2 Nf5 12. Nf1 Qd7 13. Ne3 Nce7 14. Ng4 f6
15. h3 Rfe8 16. Re2 Rac8 17. Rae1 c5 18. Re6 Rc6 19. Qe2 h5 20. Ngh2 Kf7 21.
Rxc6 Qxc6 22. dxc5 Qxc5 23. Qe6+ Kf8 24. g4 g5 25. Bxg5 Qc6 26. gxf5 Qxe6 27.
fxe6 fxg5 28. Nxg5 Ng6 29. Re3 Bh6 30. Rf3+ Kg7 31. Rf7+ Kg8 32. Nh7 Rxe6 33.
Rf6 Re1+ 34. Kg2 Kxh7 35. Nf3 Re2 36. Rf7+ Kg8 37. Rxb7 Be3 38. Re7 Nxe7 39.
Nd4 Bxd4 40. cxd4 Rxb2 0-1

[Event "DVM U12 2018"]
[Site "Magdeburg GER"]
[Date "2018.12.28"]
[Round "3"]
[White "Schwartz, Oliver"]
[Black "Kraftsik, Christian"]
[Result "1-0"]
[Termination "normal"]
[Board "6.1"]
[WhiteElo "1603"]
[BlackElo "1771"]
[WhiteTeam "SC Ostfildern"]
[BlackTeam "SC Vaterstetten"]
[PlyCount "87"]
[WhiteFideId "16207459"]
[BlackFideId "16242548"]
[EventCountry "GER"]
[EventRounds "7"]
[EventType "team-swiss"]
[EventDate "2018.12.26"]

1. e4 e5 2. Nf3 Nc6 3. Bc4 Bc5 4. c3 Nf6 5. d3 d6 6. Nbd2 O-O 7. O-O Bg4 8. Re1
a6 9. Bb3 Qe7 10. Nf1 h6 11. Ng3 Qd8 12. Be3 Ba7 13. h3 Bd7 14. Bxa7 Rxa7 15.
Nh4 Ne7 16. Nh5 Nh7 17. d4 a5 18. a4 Kh8 19. Qf3 Ng6 20. Nf5 Bxf5 21. Qxf5 Nh4
22. Qg4 Ng5 23. dxe5 dxe5 24. Rad1 Qe7 25. Rd7 f5 26. Rxe7 fxg4 27. hxg4 g6 28.
Ng3 b6 29. Rd1 Nh7 30. Rxe5 c6 31. f3 Ng5 32. Kh1 Kg7 33. Ne2 Ngxf3 34. gxf3
Rxf3 35. Re8 Rf2 36. Nd4 Rxb2 37. Rf1 c5 38. Ne6+ Kh7 39. Bd5 Rd7 40. Nf8+ Kg7
41. Nxd7 h5 42. g5 Nf5 43. Rg8+ Kh7 44. Nf6# 1-0

[Event "DVM U12 2018"]
[Site "Magdeburg GER"]
[Date "2018.12.28"]
[Round "3"]
[White "Lerchl, Clemens"]
[Black "Chugunov, Ivan"]
[Result "1-0"]
[Termination "normal"]
[Board "6.2"]
[WhiteElo "1625"]
[BlackElo "1359"]
[WhiteTeam "SC Vaterstetten"]
[BlackTeam "SC Ostfildern"]
[PlyCount "111"]
[WhiteFideId "16226372"]
[BlackFideId "16256808"]
[EventCountry "GER"]
[EventRounds "7"]
[EventType "team-swiss"]
[EventDate "2018.12.26"]

1. e4 c6 2. d4 d5 3. exd5 cxd5 4. c4 Nf6 5. Nc3 Nc6 6. Nf3 Bg4 7. Be2 e6 8. O-O
Be7 9. Ne5 Bxe2 10. Nxc6 Bxd1 11. Nxd8 Be2 12. Nxe2 Kxd8 13. Bf4 Rc8 14. c5 b6
15. b4 Kd7 16. Rfc1 Nh5 17. Be3 Nf6 18. Rc2 Rc6 19. Rac1 a6 20. a4 Rb8 21. b5
axb5 22. axb5 Rcc8 23. c6+ Kc7 24. Ra2 Ra8 25. Rca1 Rxa2 26. Rxa2 Ne8 27. Ra7+
Kb8 28. Rxe7 Ka8 29. Rxf7 Nd6 30. Rxg7 Nxb5 31. Rxh7 Rxc6 32. Rh8+ Ka7 33. g4
Rc2 34. Nf4 Rc4 35. Nxe6 Kb7 36. g5 Nd6 37. g6 Nf5 38. g7 Nxg7 39. Nxg7 b5 40.
Ne6 b4 41. h4 b3 42. Nc5+ Rxc5 43. dxc5 b2 44. c6+ Kc7 45. Bf4+ Kxc6 46. Rb8 d4
47. Rxb2 Kc5 48. h5 Kc4 49. h6 d3 50. h7 Kd5 51. h8=Q Ke4 52. Qe5+ Kf3 53. Qf5
d2 54. Bb8+ Ke2 55. Qe4+ Kd1 56. Rb1# 1-0

[Event "DVM U12 2018"]
[Site "Magdeburg GER"]
[Date "2018.12.28"]
[Round "3"]
[White "Walter, Romeo"]
[Black "Karpen, Jakob"]
[Result "0-1"]
[Termination "normal"]
[Board "6.3"]
[WhiteElo "1268"]
[BlackElo "1336"]
[WhiteTeam "SC Ostfildern"]
[BlackTeam "SC Vaterstetten"]
[PlyCount "112"]
[WhiteFideId "16275055"]
[BlackFideId "16255453"]
[EventCountry "GER"]
[EventRounds "7"]
[EventType "team-swiss"]
[EventDate "2018.12.26"]

1. e4 e5 2. Nf3 Nc6 3. d4 exd4 4. Nxd4 Qh4 5. Nc3 Bb4 6. Be2 Bxc3+ 7. bxc3 Qxe4
8. O-O Nge7 9. Nb5 O-O 10. Nxc7 Rb8 11. Nb5 Nf5 12. Bd3 Qe5 13. Re1 Qf6 14. Bf4
d6 15. Bxf5 Bxf5 16. Bxd6 Rbd8 17. Re2 a6 18. Qe1 axb5 19. Bxf8 Rxf8 20. Rb1 h6
21. Rxb5 Qg6 22. Qd2 Rd8 23. Qe3 Bh3 24. f3 Rd1+ 25. Re1 Rxe1+ 26. Kf2 Rxe3 27.
Kxe3 Qe6+ 28. Kf2 Bxg2 29. Rxb7 Bxf3 30. Kxf3 Nd4+ 31. Kg3 Ne2+ 32. Kf2 Nxc3
33. Rb3 Nxa2 34. Kf3 Qc6+ 35. Ke3 Qxc2 36. Rd3 Qc1+ 37. Kd4 f5 38. Ke5 Qc5+ 39.
Rd5 Qxd5+ 40. Kxd5 Kf7 41. Ke5 Kg6 42. Kf4 Nc3 43. h3 Kf6 44. h4 g5+ 45. hxg5+
hxg5+ 46. Kf3 Ke5 47. Ke3 f4+ 48. Kf3 Kf5 49. Kg2 g4 50. Kf2 Ke4 51. Kg2 g3 52.
Kf1 Ke3 53. Kg1 Ne2+ 54. Kh1 g2+ 55. Kh2 g1=Q+ 56. Kh3 Qg3# 0-1

[Event "DVM U12 2018"]
[Site "Magdeburg GER"]
[Date "2018.12.28"]
[Round "3"]
[White "Lerchl, Justus"]
[Black "Zimanovic, Leon Daniel"]
[Result "1-0"]
[Termination "normal"]
[Board "6.4"]
[WhiteElo "1500"]
[BlackElo "1173"]
[WhiteTeam "SC Vaterstetten"]
[BlackTeam "SC Ostfildern"]
[PlyCount "137"]
[WhiteFideId "16240677"]
[BlackFideId "16275063"]
[EventCountry "GER"]
[EventRounds "7"]
[EventType "team-swiss"]
[EventDate "2018.12.26"]

1. e4 e5 2. Nf3 Nc6 3. Bc4 Bc5 4. c3 Nf6 5. d3 h6 6. O-O d6 7. Re1 Bg4 8. Nbd2
O-O 9. Nf1 Nh5 10. h3 Be6 11. Bb3 Qf6 12. Be3 Bb6 13. d4 Qg6 14. d5 Bxh3 15.
Nh4 Qxe4 16. Qxh5 Bg4 17. Bxb6 Qxe1 18. Rxe1 Bxh5 19. dxc6 axb6 20. cxb7 Rab8
21. Bd5 Kh8 22. Re4 f6 23. Ra4 Bf7 24. Be4 Be8 25. Ra8 Bf7 26. Ne3 Kg8 27. Nc2
Bc4 28. Nb4 Bb5 29. b3 c6 30. c4 d5 31. cxd5 Rxb7 32. Rxf8+ Kxf8 33. dxc6 Rc7
34. a4 Be2 35. f3 Ke7 36. Nd5+ Kd6 37. Nxc7 Kxc7 38. Nf5 g6 39. Ne7 f5 40. Bd5
Kd6 41. Nxg6 Kxd5 42. c7 Ba6 43. Ne7+ Kd6 44. c8=Q Bxc8 45. Nxc8+ Kc5 46. Nxb6
Kxb6 47. b4 Ka6 48. Kf2 Kb6 49. Ke3 Ka6 50. g4 fxg4 51. fxg4 Kb6 52. Ke4 Kc6
53. Kxe5 Kb6 54. Kf6 Kb7 55. Kg6 Ka7 56. Kxh6 Kb8 57. g5 Ka8 58. g6 Kb8 59. g7
Ka7 60. g8=Q Ka6 61. Qc8+ Ka7 62. Kg6 Kb6 63. Kf6 Ka7 64. Ke6 Kb6 65. Kd6 Ka7
66. Qc6 Kb8 67. Qd7 Ka8 68. Kc6 Kb8 69. Qb7# 1-0

[Event "DVM U12 2018"]
[Site "Magdeburg GER"]
[Date "2018.12.28"]
[Round "3"]
[White "Haschemi, Said Habieb"]
[Black "Kageler, Anton Paul"]
[Result "1-0"]
[Termination "normal"]
[Board "7.1"]
[WhiteElo "1571"]
[BlackElo "1480"]
[WhiteTeam "SG 1882 Fürth"]
[BlackTeam "SV Roter Turm Halle"]
[PlyCount "89"]
[WhiteFideId "16275110"]
[BlackFideId "16244850"]
[EventCountry "GER"]
[EventRounds "7"]
[EventType "team-swiss"]
[EventDate "2018.12.26"]

1. b3 e5 2. Bb2 Nc6 3. e3 Nf6 4. Nf3 e4 5. Nd4 Nxd4 6. Bxd4 c5 7. Bb2 d5 8. d4
exd3 9. Bxd3 Be7 10. O-O O-O 11. c4 Be6 12. Qc2 d4 13. exd4 cxd4 14. Nd2 Rc8
15. Nf3 Bc5 16. Rfd1 Qb6 17. Nxd4 Bg4 18. Nf3 Bxf3 19. gxf3 h6 20. Kh1 Nh5 21.
Rg1 Bxf2 22. Rg4 Rfe8 23. Qc3 f6 24. Bg6 Re5 25. Qd2 Be3 26. Bf7+ Kh8 27. Qd7
Rd8 28. Qxd8+ Qxd8 29. Bxe5 fxe5 30. Bxh5 Qf6 31. Re4 Bf4 32. Re2 Qh4 33. Bg6
Qh3 34. Be4 Bg5 35. Bxb7 Bf6 36. Rd1 Kh7 37. Be4+ g6 38. c5 Qc8 39. c6 h5 40.
Rg2 Bh4 41. Rxg6 Kh8 42. Rd7 Bd8 43. Rh6+ Kg8 44. Bd5+ Kf8 45. Rh8# 1-0

[Event "DVM U12 2018"]
[Site "Magdeburg GER"]
[Date "2018.12.28"]
[Round "3"]
[White "Derling, Charlotte"]
[Black "Gewondow, Narek"]
[Result "1/2-1/2"]
[Termination "normal"]
[Board "7.2"]
[WhiteElo "1399"]
[BlackElo "1358"]
[WhiteTeam "SV Roter Turm Halle"]
[BlackTeam "SG 1882 Fürth"]
[PlyCount "84"]
[WhiteFideId "16222237"]
[BlackFideId "16275128"]
[EventCountry "GER"]
[EventRounds "7"]
[EventType "team-swiss"]
[EventDate "2018.12.26"]

1. e4 e5 2. Nf3 Nc6 3. d4 exd4 4. Nxd4 Bc5 5. Be3 Nxd4 6. Bxd4 Bxd4 7. Qxd4 Qf6
8. Qxf6 Nxf6 9. Nc3 O-O 10. Bd3 d6 11. O-O a6 12. a4 Bd7 13. Bc4 Rfe8 14. f3
Be6 15. Bxe6 Rxe6 16. Rad1 h6 17. Ne2 g6 18. c4 Rae8 19. Nf4 R6e7 20. Nd5 Nxd5
21. cxd5 f5 22. exf5 gxf5 23. Rc1 Rc8 24. Rfe1 Rce8 25. Rxe7 Rxe7 26. Kf2 Kf7
27. h3 Kf6 28. g4 fxg4 29. hxg4 Kg5 30. Kg3 Kg6 31. Rc3 b6 32. b4 h5 33. gxh5+
Kxh5 34. Rc4 Kg5 35. f4+ Kf5 36. Kf3 b5 37. axb5 axb5 38. Rd4 Rh7 39. Kg3 Rg7+
40. Kf3 Rh7 41. Kg3 Rg7+ 42. Kf3 Rh7 1/2-1/2

[Event "DVM U12 2018"]
[Site "Magdeburg GER"]
[Date "2018.12.28"]
[Round "3"]
[White "Levitskii, Philipp"]
[Black "Adelmeyer, Nelly"]
[Result "0-1"]
[Termination "normal"]
[Board "7.3"]
[WhiteElo "1267"]
[BlackElo "1475"]
[WhiteTeam "SG 1882 Fürth"]
[BlackTeam "SV Roter Turm Halle"]
[PlyCount "70"]
[WhiteFideId "16275136"]
[BlackFideId "16203577"]
[EventCountry "GER"]
[EventRounds "7"]
[EventType "team-swiss"]
[EventDate "2018.12.26"]

1. d4 d5 2. Bg5 h6 3. Bh4 Bf5 4. Nc3 c6 5. e3 Nd7 6. Bd3 Bxd3 7. Qxd3 Ngf6 8.
f4 e6 9. Nf3 Be7 10. O-O-O Qa5 11. Be1 Bb4 12. a3 Bxc3 13. Bxc3 Qb6 14. Ne5
Nxe5 15. fxe5 Ne4 16. Rhf1 O-O 17. g4 a5 18. h4 c5 19. b3 Rac8 20. dxc5 Nxc5
21. Qe2 Ne4 22. Bb2 Ng3 23. Qd3 Nxf1 24. Rxf1 Qd8 25. h5 Qg5 26. Rg1 Rc6 27.
Bd4 Rfc8 28. c3 Qh4 29. e4 dxe4 30. Qxe4 Qh2 31. Rg2 Qh1+ 32. Kb2 b5 33. b4
axb4 34. axb4 Ra6 35. Bg1 Rca8 0-1

[Event "DVM U12 2018"]
[Site "Magdeburg GER"]
[Date "2018.12.28"]
[Round "3"]
[White "Fiedler, Ian Fynn"]
[Black "Funk, Benno"]
[Result "1/2-1/2"]
[Termination "normal"]
[Board "7.4"]
[WhiteElo "1208"]
[BlackElo "1145"]
[WhiteTeam "SV Roter Turm Halle"]
[BlackTeam "SG 1882 Fürth"]
[PlyCount "89"]
[WhiteFideId "16275012"]
[BlackFideId "16275144"]
[EventCountry "GER"]
[EventRounds "7"]
[EventType "team-swiss"]
[EventDate "2018.12.26"]

1. e4 c5 2. Nf3 e6 3. d4 cxd4 4. Nxd4 a6 5. Bd3 Bc5 6. c3 Qb6 7. Be2 Nc6 8.
Nxc6 Bxf2+ 9. Kf1 bxc6 10. Nd2 Bh4 11. g3 Be7 12. Nc4 Qd8 13. Be3 Rb8 14. b3 d5
15. exd5 Qxd5 16. Qxd5 cxd5 17. Bf4 Rb7 18. Nd6+ Bxd6 19. Bxd6 Rb6 20. Bc5 Rc6
21. Bd4 f6 22. c4 dxc4 23. bxc4 e5 24. Bf2 Ke7 25. Rb1 Nh6 26. Kg2 Rd8 27. Rhd1
Bf5 28. Rb7+ Rd7 29. Rdxd7+ Bxd7 30. Ra7 Nf5 31. Bg4 g6 32. h4 Rxc4 33. Bxf5
gxf5 34. Rxa6 Ra4 35. Bc5+ Kf7 36. Rxa4 Bxa4 37. a3 Kg6 38. Kf3 Bc6+ 39. Ke3
Kh5 40. Kf2 Kg4 41. Be7 f4 42. gxf4 exf4 43. Bxf6 h5 44. Be7 f3 45. Bf6 1/2-1/2

[Event "DVM U12 2018"]
[Site "Magdeburg GER"]
[Date "2018.12.28"]
[Round "3"]
[White "Feng, Felix"]
[Black "Buschmann, Mark"]
[Result "0-1"]
[Termination "normal"]
[Board "8.1"]
[WhiteElo "1430"]
[BlackElo "1351"]
[WhiteTeam "SF Neuberg"]
[BlackTeam "Muldental Wilkau-Haßlau"]
[PlyCount "60"]
[WhiteFideId "16275179"]
[BlackFideId "16275217"]
[EventCountry "GER"]
[EventRounds "7"]
[EventType "team-swiss"]
[EventDate "2018.12.26"]

1. c4 e5 2. Nc3 Nf6 3. Nf3 Nc6 4. g3 Bc5 5. Bg2 d6 6. O-O O-O 7. a3 a5 8. d3
Be6 9. Bg5 h6 10. Bxf6 Qxf6 11. Ne4 Qe7 12. Nxc5 dxc5 13. Nd2 Qd7 14. Re1 Rad8
15. Ne4 b6 16. Qa4 Nd4 17. Qxd7 Rxd7 18. Rab1 f5 19. Nc3 f4 20. Red1 Rdf7 21.
Rf1 f3 22. exf3 Nxf3+ 23. Bxf3 Rxf3 24. Rbd1 Bh3 25. Rfe1 Rxf2 26. Rb1 Rg2+ 27.
Kh1 Rff2 28. Ne4 Rxh2+ 29. Kg1 Rfg2+ 30. Kf1 Rh1# 0-1

[Event "DVM U12 2018"]
[Site "Magdeburg GER"]
[Date "2018.12.28"]
[Round "3"]
[White "Helmer, Teo"]
[Black "Eull, Emil"]
[Result "0-1"]
[Termination "normal"]
[Board "8.2"]
[WhiteElo "1323"]
[BlackElo "1526"]
[WhiteTeam "Muldental Wilkau-Haßlau"]
[BlackTeam "SF Neuberg"]
[PlyCount "124"]
[WhiteFideId "16275225"]
[BlackFideId "16253809"]
[EventCountry "GER"]
[EventRounds "7"]
[EventType "team-swiss"]
[EventDate "2018.12.26"]

1. e4 c5 2. Nf3 Nc6 3. d4 cxd4 4. Nxd4 Nf6 5. Nc3 e5 6. Nf3 Bb4 7. Bd2 d6 8. a3
Bxc3 9. Bxc3 Nxe4 10. Qd3 Nxc3 11. Qxc3 Bf5 12. Bc4 O-O 13. Rd1 Qe7 14. O-O
Rac8 15. Rd2 Rfd8 16. Rfd1 Rd7 17. b4 Bg4 18. h3 Bxf3 19. Qxf3 Nxb4 20. Bb5 Nc6
21. Bd3 Re8 22. Qd5 Qe6 23. Qe4 g6 24. Bb5 Rc8 25. Qa4 a6 26. Be2 Nd4 27. Bg4
f5 28. Be2 Nxe2+ 29. Rxe2 Rc6 30. Red2 Kf7 31. Qb4 Ke7 32. Re1 Kf7 33. Qh4 Kg8
34. Qb4 Rc8 35. Red1 Rc5 36. Qb6 Rb5 37. Qe3 d5 38. Qc3 d4 39. Qa1 Rc7 40. Rc1
Rc3 41. Kh1 Qb6 42. Qa2+ Kg7 43. Qa1 Qc5 44. Qa2 Qxa3 45. Qxa3 Rxa3 46. Kg1 Rc3
47. Ra1 a5 48. Ra2 b6 49. Kf1 Rb4 50. Ke1 a4 51. Kd1 Rb1+ 52. Ke2 a3 53. f3 b5
54. Kf2 b4 55. Kg3 Rb2 56. Rxb2 axb2 57. Rd1 b3 58. cxb3 Rc1 59. Rd2 b1=Q 60.
f4 Qxb3+ 61. Kh4 exf4 62. Rxd4 Qg3# 0-1

[Event "DVM U12 2018"]
[Site "Magdeburg GER"]
[Date "2018.12.28"]
[Round "3"]
[White "Kaiser, Jason"]
[Black "Wagner, Ben"]
[Result "1-0"]
[Termination "normal"]
[Board "8.3"]
[WhiteElo "1254"]
[BlackElo "1194"]
[WhiteTeam "SF Neuberg"]
[BlackTeam "Muldental Wilkau-Haßlau"]
[PlyCount "117"]
[WhiteFideId "16275187"]
[BlackFideId "16262298"]
[EventCountry "GER"]
[EventRounds "7"]
[EventType "team-swiss"]
[EventDate "2018.12.26"]

1. e4 d6 2. d4 Nf6 3. Nc3 g6 4. Be3 Bg7 5. f3 O-O 6. Qd2 c6 7. O-O-O b5 8. h4
a5 9. g4 a4 10. Bh6 b4 11. Nce2 b3 12. cxb3 a3 13. h5 axb2+ 14. Kxb2 Qa5 15.
Qxa5 Rxa5 16. hxg6 fxg6 17. Bxg7 Kxg7 18. Nh3 e5 19. g5 Nh5 20. Bg2 Nd7 21. b4
Ra7 22. Rc1 Rc7 23. d5 c5 24. Nhg1 Nf4 25. Nxf4 Rxf4 26. a4 Rf8 27. Bh3 Rb7 28.
b5 Rd8 29. Ka3 Nb6 30. Bxc8 Rxc8 31. a5 Ra8 32. a6 Rbb8 33. Ne2 Nd7 34. Rb1 Rb6
35. f4 exf4 36. Nxf4 Ra7 37. Ne6+ Kg8 38. Rh2 Nb8 39. Rf2 Nd7 40. Rbf1 Ra8 41.
Ka4 Rbb8 42. Rb1 Rxa6+ 43. bxa6 Rxb1 44. Nc7 c4 45. Rc2 Nc5+ 46. Ka5 Ra1+ 47.
Kb6 Rb1+ 48. Kc6 Ra1 49. Rxc4 Nxa6 50. Kxd6 Nxc7 51. Rxc7 Rg1 52. Ke7 Rxg5 53.
Kf6 h6 54. d6 Rb5 55. d7 Rb8 56. Rc8+ Rxc8 57. dxc8=Q+ Kh7 58. Qd7+ Kh8 59.
Qg7# 1-0

[Event "DVM U12 2018"]
[Site "Magdeburg GER"]
[Date "2018.12.28"]
[Round "3"]
[White "Otto, Kian"]
[Black "Ruppel, Felix"]
[Result "1-0"]
[Termination "normal"]
[Board "8.4"]
[WhiteElo "1101"]
[BlackElo "1004"]
[WhiteTeam "Muldental Wilkau-Haßlau"]
[BlackTeam "SF Neuberg"]
[PlyCount "51"]
[BlackFideId "16275195"]
[EventCountry "GER"]
[EventRounds "7"]
[EventType "team-swiss"]
[EventDate "2018.12.26"]

1. e4 e5 2. Nf3 Nc6 3. Bc4 Bc5 4. d3 Nf6 5. Bg5 h6 6. Bh4 g5 7. Bg3 d6 8. Nc3
Bg4 9. h3 Bh5 10. Qd2 Qe7 11. Bb5 O-O 12. Bxc6 bxc6 13. O-O-O Bxf3 14. gxf3 d5
15. Kb1 d4 16. Ne2 Bb4 17. c3 dxc3 18. Nxc3 Qd6 19. h4 Nh7 20. Rc1 Rfd8 21.
Rcd1 Rd7 22. hxg5 hxg5 23. Ka1 Rad8 24. Rxh7 Kxh7 25. Qxg5 Bxc3 26. Rh1+ 1-0

[Event "DVM U12 2018"]
[Site "Magdeburg GER"]
[Date "2018.12.28"]
[Round "3"]
[White "Öz, Mert"]
[Black "Fischer, Darja"]
[Result "0-1"]
[Termination "normal"]
[Board "9.1"]
[WhiteElo "1311"]
[BlackElo "1442"]
[WhiteTeam "SK Bebenhausen"]
[BlackTeam "Karlsruher SF"]
[PlyCount "102"]
[WhiteFideId "16255704"]
[BlackFideId "16240898"]
[EventCountry "GER"]
[EventRounds "7"]
[EventType "team-swiss"]
[EventDate "2018.12.26"]

1. e4 c6 2. d4 d5 3. Nc3 dxe4 4. Nxe4 Bf5 5. Ng3 Bg6 6. f4 e6 7. Nf3 Nd7 8. Bd3
Ngf6 9. O-O Bxd3 10. Qxd3 Be7 11. f5 exf5 12. Nxf5 O-O 13. Bd2 Re8 14. Rae1 Bf8
15. c3 Qc7 16. g3 Rad8 17. Bf4 Qb6 18. Qc2 c5 19. dxc5 Bxc5+ 20. Kg2 Nd5 21.
Rxe8+ Rxe8 22. Rd1 Nxf4+ 23. gxf4 Qg6+ 24. Kf1 Nf6 25. N5d4 Qxc2 26. Nxc2 h6
27. b4 Bb6 28. Ne5 Kf8 29. Re1 Bc7 30. Nd4 Bxe5 31. Rxe5 Rxe5 32. fxe5 Ng4 33.
Nf3 Ke7 34. h3 Ne3+ 35. Ke2 Nd5 36. Kd2 g5 37. Nd4 Nf4 38. Nf5+ Ke6 39. Nxh6
Ng6 40. Ng4 Nxe5 41. Nxe5 Kxe5 42. Ke3 f5 43. c4 g4 44. h4 f4+ 45. Kf2 Ke4 46.
h5 g3+ 47. Ke1 f3 48. h6 Ke3 49. h7 g2 50. Kd1 g1=Q+ 51. Kc2 Qg6+ 0-1